Central Library OPAC University of Rajshahi

Complete guide to high school track and field coaching / (Record no. 17175)

MARC details
000 -LEADER
fixed length control field 00802cam a2200265 4500
001 - CONTROL NUMBER
control field 17175
003 - CONTROL NUMBER IDENTIFIER
rucl marc code BD-RjUL
005 - DATE AND TIME OF LATEST TRANSACTION
control field 20211209000112.0
008 - FIXED-LENGTH DATA ELEMENTS--GENERAL INFORMATION
fixed length control field 140216s1968 nyuac 001 0 eng d
035 ## - SYSTEM CONTROL NUMBER
System control number (BD-RjUL) 17232
040 ## - CATALOGING SOURCE
Original cataloging agency DLC
Transcribing agency DLC
Modifying agency BD-RjUL
Language of cataloging eng
041 ## - LANGUAGE CODE
Language code of text/sound track or separate title eng
082 00 - DEWEY DECIMAL CLASSIFICATION NUMBER
Classification number 796.4077
Author mark and year KRC 1968
100 1# - MAIN ENTRY--PERSONAL NAME
Personal name Kring, Ray.
9 (RLIN) 52969
245 10 - TITLE STATEMENT
Title Complete guide to high school track and field coaching /
Statement of responsibility, etc. [by] Ray F. Kring.
260 ## - PUBLICATION, DISTRIBUTION, ETC. (IMPRINT)
Place of publication, distribution, etc. West Nyack ;
-- New York :
Name of publisher, distributor, etc. Parker Pub. Co.
Date of publication, distribution, etc. 1968.
300 ## - PHYSICAL DESCRIPTION
Pagination xv, 235 p. :
Illustrations illus., ports. ;
Size 26 cm.
500 ## - GENERAL NOTE
General note Includes index.
650 #0 - SUBJECT ADDED ENTRY--TOPICAL TERM
Topical term or geographic name as entry element Track and field.
9 (RLIN) 52970
Topical term or geographic name as entry element Coaching (Athletics)
9 (RLIN) 50596
942 ## - ADDED ENTRY ELEMENTS (KOHA)
Source of classification or shelving scheme Dewey Decimal Classification
Koha item type Books
Holdings
Lost status Source of classification or shelving scheme Damaged status Not for loan Collection code Permanent Location Current Location Shelving location Date acquired Source of acquisition Cost, normal purchase price Total Checkouts Full call number Date last seen Copy number Koha item type
  Dewey Decimal Classification   Not For Loan Non-fiction Central Library, University of Rajshahi Central Library, University of Rajshahi Reading Room 21/10/1970 Sweets & Zeitlinger 85.00   796.4077 KRC 1968 16/02/2014 C-1 Books